000
00338nam a22001457a 4500
008
210521b ||||| |||| 00| 0 eng d
020
_a
9780813343846
041
_a
eng
080
_2
5th
_a
61
082
_a
61
100
_a
4
101
_a
SHM
245
_a
Medical Anthropology in Ecological Perspective
_c
Elroy,A.M
942
_2
udc
_c
BK
999
_c
57568
_d
57568